| 000 | 00704nam a2200217Ia 4500 | ||
|---|---|---|---|
| 008 | 0000001977 sp a 0000000000spa00 | ||
| 020 | _a843430256X | ||
| 090 | _aPSP00 C37m | ||
| 100 | 1 | _aCirici, AleXandre | |
| 245 | 1 | 0 |
_aMiró Mirall _c/ Alexandre Cirici ; traducción Pere Gimferrer |
| 300 |
_a245 p. _c/ 28 cm. |
||
| 500 | _aCon el patronazgo de la empresa colombiana PLARESA | ||
| 600 | 0 | 0 |
_aMIRO, JOAN, 18931983/ _xTRABAJOS PICTORICOS |
| 650 | 1 | 4 | _aARTE CONTEMPORANEO ESPAÑOL |
| 650 | 1 | 4 | _xCATALOGOS |
| 650 | 1 | 4 | _xEXPOSICIONES |
| 650 | 1 | 4 | _aPINTORES ESPAÑOLES |
| 650 | 1 | 4 | _aPINTURA ESPAÑOLA |
| 700 | 1 | _aGimferrer, Pere, tr. | |
| 999 |
_c8174 _d8174 |
||
| 260 |
_aBarcelona : Polígrafa _c1977 |
||